Cell Structure - Statistics

General Stats
  • This quiz has been taken 63 times
  • The average score is 5 of 13
Answer Stats
Function Answer % Correct
Contains DNA and controls cellular activities Nucleus
98%
Site of aerobic respiration/ ATP synthesis Mitochondria
69%
Rigid structure made from cellulose Cell Wall
60%
Forms glycoproteins and lysosomes. Secretes enzymes and carbohydrates, also modifies lipids. Golgi Apparatus
46%
Vesicle containing enzymes Lysosome
46%
Forms proteins from mRNA Ribosomes
38%
Allows passage of large molecules from the nucleus Nuclear Pore
35%
Fluid-filled membrane Vacuole
35%
Manufactures ribosomal RNA Nucleolus
33%
Jelly-like material in the nucleus Nucleoplasm
17%
Site of protein and glycoprotein synthesis/ pathway of materials throughout the cell RER
17%
Site of lipid and carbohydrate synthesis/ storage SER
15%
Membrane of the above Tonoplast
4%
No matching quizzes found
Score Distribution
Percent of People with Each Score
Percentile by Number Answered
Your Score History
You have not taken this quiz